00469 a2200181 450000100060000002000150000604000240002110000220004524000250006724500200009230000070011236200090011944000150012865000310014394200070017495200890018199900170027044780 a8573192879 cAnchieta - Aquarius aGarcia, Lucília10aSorriso do gatolpor10aSorriso do gato a320 a2006 1aDimensão 4aLiteratura infanto-juvenil cBK 00104070a87.1b87.1d2023-11-21l0p1132/AQUr2023-11-21 15:10:40w2023-11-21yBK c44780d44780